[Event "Kuala Lumpur Masters"]
[Site "Kuala Lumpur"]
[Date "2010.04.15"]
[Round "2"]
[White "Nirav Y, Rajasuba"]
[Black "Chan, Nicholas"]
[Result "0-1"]
[WhiteElo "2183"]
[BlackElo "2398"]
[PlyCount "90"]
[EventDate "2010.04.14"]
[EventType "tourn"]
[EventRounds "9"]
[EventCountry "MAS"]
[EventCategory "3"]
[SourceTitle "CBM 135 Extra"]
[Source "ChessBase"]
[SourceDate "2010.05.04"]
[SourceVersion "1"]
[SourceVersionDate "2010.05.04"]
[SourceQuality "1"]

1. e4 c5 2. Nf3 Nc6 3. Bb5 g6 4. 0-0 Bg7 5. Re1 e5 6. Bxc6 dxc6 7. d3 Qe7 8. a4 b6 9. a5 b5 10. Be3 Nf6 11. h3 Nd7 12. Nbd2 Nf8 13. c4 Ne6 14. Rc1 Ba6 15. cxb5 cxb5 16. Nb1 0-0 17. Nc3 Qd6 18. Ng5 Nd4 19. Nd5 Bb7 20. Nc3 a6 21. Ne2 Rac8 22. b3 h6 23. Nf3 Nxf3+ 24. gxf3 Rfd8 25. Rc3 b4 26. Rc2 Bf8 27. Nc1 Qc7 28. Ra2 Bc6 29. Ree2 Bb5 30. Red2 Rd7 31. Kg2 Rcd8 32. Rac2 f5 33. Rxc5 Bxc5 34. Rc2 f4 35. Rxc5 Qd6 36. Rd5 Qe6 37. Rxd7 Bxd7 38. Bb6 Qxh3+ 39. Kg1 Rc8 40. Na2 g5 41. Nxb4 g4 42. Qf1 Qxf3 43. Nd5 Kf7 44. b4 g3 45. Bc5 Rg8 0-1

[Event "Kuala Lumpur Masters"]
[Site "Kuala Lumpur"]
[Date "2010.04.15"]
[Round "3"]
[White "Situru, Nathanael"]
[Black "Nirav Y, Rajasuba"]
[Result "1/2-1/2"]
[WhiteElo "2358"]
[BlackElo "2183"]
[PlyCount "46"]
[EventDate "2010.04.14"]
[EventType "tourn"]
[EventRounds "9"]
[EventCountry "MAS"]
[EventCategory "3"]
[SourceTitle "CBM 135 Extra"]
[Source "ChessBase"]
[SourceDate "2010.05.04"]
[SourceVersion "1"]
[SourceVersionDate "2010.05.04"]
[SourceQuality "1"]

1. e4 c5 2. Nf3 Nc6 3. Bc4 e6 4. Qe2 a6 5. a4 g6 6. c3 Bg7 7. d3 h6 8. Be3 d6 9. 0-0 Nge7 10. Na3 0-0 11. Ba2 b6 12. Qd2 Kh7 13. d4 Bb7 14. d5 exd5 15. exd5 Nb8 16. Bf4 Nc8 17. Rad1 Nd7 18. Rfe1 Nf6 19. h3 Re8 20. Rxe8 Qxe8 21. Qc2 Qd7 22. c4 Ne7 23. Qb3 Qc7 1/2-1/2

[Event "Kuala Lumpur op 3rd"]
[Site "Kuala Lumpur"]
[Date "2010.04.07"]
[Round "1"]
[White "Nirav Y, Rajasuba"]
[Black "Rahman, Ziaur"]
[Result "0-1"]
[WhiteElo "2183"]
[BlackElo "2558"]
[PlyCount "60"]
[EventDate "2010.04.07"]
[EventType "swiss"]
[EventRounds "9"]
[EventCountry "MAS"]
[SourceTitle "CBM 135 Extra"]
[Source "ChessBase"]
[SourceDate "2010.05.04"]
[SourceVersion "1"]
[SourceVersionDate "2010.05.04"]
[SourceQuality "1"]

1. e4 g6 2. d4 Bg7 3. c3 d6 4. Bd3 Nf6 5. f4 0-0 6. Nf3 c5 7. dxc5 dxc5 8. e5 Nd5 9. Be4 Nb6 10. Qe2 Nc6 11. Na3 f6 12. Be3 fxe5 13. Rd1 Qc7 14. Nb5 Qb8 15. Bxc5 exf4 16. h4 Bg4 17. h5 gxh5 18. Bxb6 axb6 19. Rd7 e5 20. Rd6 Bf6 21. Qd3 Kh8 22. a3 Rf7 23. Kf2 Qf8 24. Rd1 Qe7 25. Qd5 Rg7 26. Rd3 Rag8 27. Kf1 h4 28. Ng1 Qf8 29. Nh3 Ne7 30. Qc4 Nf5 0-1

[Event "Goodricke op 07th"]
[Site "Kolkata"]
[Date "1996.??.??"]
[Round "9"]
[White "Nirav Y, Rajasuba"]
[Black "Ganguly, Surya Shekhar"]
[Result "1-0"]
[WhiteElo "2255"]
[BlackElo "2265"]
[PlyCount "78"]
[EventDate "1996.02.??"]
[EventType "swiss"]
[EventRounds "11"]
[EventCountry "IND"]
[SourceTitle "CBM 050 Extra"]
[Source "ChessBase"]
[SourceDate "1996.03.01"]
[SourceVersion "1"]
[SourceVersionDate "1996.03.01"]
[SourceQuality "1"]

1. e4 Nf6 2. e5 Nd5 3. d4 d6 4. Nf3 Bg4 5. Be2 e6 6. 0-0 Be7 7. c4 Nb6 8. exd6 cxd6 9. b3 0-0 10. Bb2 Bf6 11. Nc3 d5 12. c5 Nc8 13. Ne5 Bxe5 14. dxe5 Bxe2 15. Qxe2 a6 16. Rfd1 Qc7 17. Rac1 Ne7 18. Na4 Nd7 19. f4 Nc6 20. Rd3 Nb4 21. Rh3 Nxa2 22. Rf1 Nb4 23. Qh5 Rfe8 24. Qxh7+ Kf8 25. Qh4 Qd8 26. Qg4 g6 27. f5 exf5 28. Qxb4 a5 29. Qd4 Qg5 30. Qxd5 Qe7 31. e6 Nf6 32. Qd6 Qxd6 33. Rh8+ Ng8 34. cxd6 fxe6 35. Rh7 Red8 36. Nb6 Ra6 37. Nd7+ Rxd7 38. Rxd7 Ke8 39. Rxb7 Rxd6 1-0

[Event "Goodricke op 07th"]
[Site "Kolkata"]
[Date "1996.??.??"]
[Round "4"]
[White "Nirav Y, Rajasuba"]
[Black "Roy Chowdhury, Biswajit"]
[Result "1/2-1/2"]
[WhiteElo "2255"]
[BlackElo "2085"]
[PlyCount "42"]
[EventDate "1996.02.??"]
[EventType "swiss"]
[EventRounds "11"]
[EventCountry "IND"]
[SourceTitle "CBM 050 Extra"]
[Source "ChessBase"]
[SourceDate "1996.03.01"]
[SourceVersion "1"]
[SourceVersionDate "1996.03.01"]
[SourceQuality "1"]

1. e4 c5 2. Nf3 Nc6 3. b3 Nf6 4. e5 Nd5 5. Bb2 d6 6. Bb5 Bg4 7. h3 Bh5 8. exd6 Qxd6 9. 0-0 0-0-0 10. Bxc6 Qxc6 11. g4 Nf4 12. gxh5 Rd5 13. Ne5 Rxe5 14. Qg4+ Qe6 15. Qxf4 Rxh5 16. Qg4 Rf5 17. Na3 h5 18. Qc4 Rg5+ 19. Kh2 Qd6+ 20. Kh1 Qd7 21. Qh4 Rh6 1/2-1/2

[Event "Casino op 3rd"]
[Site "Velden"]
[Date "1995.??.??"]
[Round "5"]
[White "Nirav Y, Rajasuba"]
[Black "Heilinger, Dietmar"]
[Result "1-0"]
[WhiteElo "2245"]
[BlackElo "2210"]
[PlyCount "53"]
[EventDate "1995.06.30"]
[EventType "swiss"]
[EventRounds "9"]
[EventCountry "AUT"]
[SourceTitle "EXT 1997"]
[Source "ChessBase"]
[SourceDate "1996.11.15"]
[SourceVersion "1"]
[SourceVersionDate "1996.11.15"]
[SourceQuality "1"]

1. e4 b6 2. Nc3 Bb7 3. g3 e6 4. Bg2 f5 5. d3 Nf6 6. Nge2 Bb4 7. 0-0 0-0 8. a3 Bxc3 9. Nxc3 a5 10. Re1 fxe4 11. dxe4 e5 12. f4 Nc6 13. Nd5 d6 14. Nxf6+ Qxf6 15. f5 Ne7 16. g4 h6 17. g5 hxg5 18. Qg4 d5 19. Bxg5 Qf7 20. f6 Ng6 21. fxg7 Qxg7 22. exd5 Nf4 23. Rxe5 Bc8 24. Qg3 Ng6 25. Re3 Ba6 26. Re6 Bc4 27. Bh6 1-0

[Event "Casino op 3rd"]
[Site "Velden"]
[Date "1995.??.??"]
[Round "7"]
[White "Nirav Y, Rajasuba"]
[Black "Stanka, Wolfgang"]
[Result "1-0"]
[WhiteElo "2245"]
[BlackElo "2230"]
[PlyCount "67"]
[EventDate "1995.06.30"]
[EventType "swiss"]
[EventRounds "9"]
[EventCountry "AUT"]
[SourceTitle "EXT 1997"]
[Source "ChessBase"]
[SourceDate "1996.11.15"]
[SourceVersion "1"]
[SourceVersionDate "1996.11.15"]
[SourceQuality "1"]

1. e4 c6 2. d4 d5 3. exd5 cxd5 4. Bd3 Nc6 5. c3 Nf6 6. Bf4 Bg4 7. Qb3 Na5 8. Qa4+ Bd7 9. Qc2 Rc8 10. Nf3 Nc6 11. Qe2 Bg4 12. Nbd2 e6 13. Nf1 Bd6 14. Bg5 h6 15. Bh4 Qa5 16. Bxf6 gxf6 17. N1d2 e5 18. h3 Be6 19. dxe5 fxe5 20. Bb5 0-0 21. Bxc6 bxc6 22. Nxe5 Rfe8 23. 0-0 Bd7 24. f4 f6 25. Qh5 Bc5+ 26. Kh1 fxe5 27. Qg6+ Kh8 28. Qxh6+ Kg8 29. Rf3 exf4 30. Qg6+ Kh8 31. Rxf4 Qd8 32. Rf7 Re1+ 33. Rxe1 Qg8 34. Qh6+ 1-0